000 00435nam a2200181Ia 4500
001 3489
005 20260306145647.0
008 260306t1999||||xx |||||||||||||| ||spa||
041 _aESP
082 _a280
_bP26
100 _aConcejo Pontificio de la Cultura
_eAUT
245 0 _aPara una pastoral de la cultura
260 _c1999
300 _a69 páginas :
_c20 cm.
650 _aGEN
654 _aCHU
942 _cLIB
_dJUS
_fJUS
_2ddc
_n
999 _c3489
_d3489